Statistiken für Länder Nordamerikas

Klicken Sie hier um das Quiz zu spielen!

Allgemein

  • Dieses Quiz wurde 9.805 mal gespielt
  • Das Durchschnittsergebnis liegt bei 18 aus 23

Antworten auf der Karte

Die Antworten werden auf der Karte rot bzw. grün angezeigt, abhängig davon wie oft sie richtig erraten wurden.
Laden ...
 

Antwortstatistiken

Land% Korrekt
Vereinigte Staaten
100%
Kanada
100%
Mexiko
99%
Kuba
94%
Panama
92%
Haiti
88%
Honduras
86%
Dominikanische
Republik
85%
Jamaika
85%
Costa Rica
85%
Bahamas
84%
Nicaragua
81%
Guatemala
80%
El Salvador
78%
Belize
77%
Barbados
70%
Trinidad und Tobago
68%
Dominica
65%
St. Lucia
65%
Antigua und Barbuda
63%
St. Kitts und Nevis
62%
St. Vincent und die
Grenadinen
62%
Grenada
59%

Verteilung der Resultate

Perzentil nach korrekt beantworteten Fragen

Anzahl Personen mit jedem Resultat

Ihre Resultats-Entwicklung

Sie haben dieses Quiz noch nicht gespielt